000 00642nmm a2200157Ia 4500
008 251105s9999||||xx |||||||||||||||||und||
020 _a9788437095066
041 _aspa
100 _aLluch Hernández, Ana María
245 0 _aNous reptes en el tractament i la investigació del càncer / Nuevos retos en el tratamiento y la investigación del cáncer :
_b Nuevos retos en el tratamiento y la investigación del cáncer
264 _a[Madrid, España] :
_bPublicaciones de la Universidad de Valencia (PUV),
_c2014
300 _a112 páginas
650 _aMedicine
856 _uhttps://public.digitaliapublishing.com/a/34766
942 _cCF
999 _c82664
_d82664